| 000 | 00374nas a22001697i 4500 | ||
|---|---|---|---|
| 001 | 7992 | ||
| 003 | OSt | ||
| 005 | 20170216211012.0 | ||
| 007 | tu | ||
| 008 | 161220s2009 xxu||||| |||| 00| 0 d | ||
| 024 | 7 |
_a7992 _2RID |
|
| 040 | _cOSt | ||
| 245 | 0 | 0 | _aEffektiver Umstieg auf Windows 7 und Office 2007 |
| 260 |
_aBodenheim : _bHerdt, _c2009. |
||
| 300 | _c30cm | ||
| 110 | 2 | _abfi Wien | |
| 942 | _cP | ||
| 999 |
_c6735 _d6735 |
||